Uniqueness of carvaka philosophy in traditional indian thought / (Record no. 147394)

MARC details
000 -LEADER
fixed length control field 00624nam a22001937a 4500
010 ## - LCCN (DPL NO)
LC control number ENG-121329
020 ## - INTERNATIONAL STANDARD BOOK NUMBER
Terms of availability 320.00
035 ## - SYSTEM CONTROL NUMBER
System control number EN-104861
037 ## - SOURCE OF ACQUISITION
Source of stock number/acquisition DBAD/PUB
082 ## - DEWEY DECIMAL CLASSIFICATION NUMBER
Classification number 181.46
100 ## - MAIN ENTRY--PERSONAL NAME
Personal name Heera , Bhupender
245 ## - TITLE STATEMENT
Title Uniqueness of carvaka philosophy in traditional indian thought /
Statement of responsibility, etc by Bhupender Heera
260 ## - PUBLICATION, DISTRIBUTION, ETC. (IMPRINT)
Place of publication, distribution, etc New Delhi
Name of publisher, distributor, etc Decent Books
Date of publication, distribution, etc 2011
270 ## - ADDRESS
Address D-36/ A-1, Mohan Garden , Najafgarh ,
City New Delhi
Postal code 110059
300 ## - PHYSICAL DESCRIPTION
Extent xi,128p.
Dimensions 22cm (pbk).
500 ## - GENERAL NOTE
General note Includes glossary , bibliographical references and index
505 ## - FORMATTED CONTENTS NOTE
Formatted contents note
942 ## - ADDED ENTRY ELEMENTS (KOHA)
Source of classification or shelving scheme Dewey Decimal Classification
Item type English Books
Classification part 181.46
Call number suffix HEE
Holdings
Withdrawn status Lost status Not for loan Collection code Home library Current library Date acquired Source of acquisition Cost, normal purchase price Full call number Barcode Copy number Cost, replacement price Koha item type
    Not For Loan Non-fiction D.B.Act.Division Bawana 14/11/2017 DBAD/PUB 1.00 181.46 HEE EN-104861 1 320.00 English Books

© Delhi Public Library
Hit Counter
free hit counter